Technika vysokých napětí /

Gespeichert in:
Bibliographische Detailangaben
1. Verfasser: Veverka, Antonín (Verfasst von)
Format: Buch
Sprache:Tschechisch
Veröffentlicht: Praha : SNTL, 1978
Ausgabe:2.prep.vyd.
Tags: Tag hinzufügen
Keine Tags, Fügen Sie das erste Tag hinzu!

MARC

LEADER 00000nam a22000003a 4500
001 stu9733
005 20150617225803.9
008 970512s1978----cs------------------cze-d
040 |a STU  |b slo 
041 0 |a cze 
044 |a cs 
080 |a 621.3.027.3 
100 1 |a Veverka, Antonín  |4 aut 
245 1 |a Technika vysokých napětí /  |c [aut.] Veverka,Antonín 
250 |a 2.prep.vyd. 
260 |a Praha :  |b SNTL,  |c 1978 
300 |a 295 s 
996 |b 284EK07291  |c E*41182  |l EE0101  |s P  |a 0  |w stu9733_0001 
996 |b E41183  |c E*41183  |l EE05  |s P  |a 0  |w stu9733_0002 
996 |b E41337  |c E*41337  |l EE05  |s P  |a 0  |w stu9733_0003 
996 |b E41396  |c E*41396  |l EE05  |s P  |a 0  |w stu9733_0004 
996 |b E41468  |c E*41468  |l EE05  |s P  |a 0  |w stu9733_0005 
996 |b E41469  |c E*41469  |l EE05  |s P  |a 0  |w stu9733_0006 
996 |b 284EK05428  |c E*50439  |l EE01  |s A  |a 24  |w stu9733_0007 
996 |b 284EK09306  |c E*50440  |l EE01  |s A  |a 24  |w stu9733_0008 
996 |b E41184  |c E*41184  |l EE05  |s P  |a 0  |w stu9733_0009